Statistics for Sean Astin Filmography

Click here to take the quiz!

General Stats

  • This quiz has been taken 14 times
    (3 since last reset)
  • The average score is 47 of 115

Answer Stats

Type Year Name % Correct
Film1985The Goonies
100%
Film2002The Lord of the Rings: The Two Towers
100%
Film2001The Lord of the Rings: The Fellowship of the Ring
100%
TV Film1981Please Don't Hit Me, Mom
67%
Short Film1994Kangaroo Court
67%
Film200450 First Dates
67%
Film2006Click
67%
Film2014Moms' Night Out
67%
Film2003The Lord of the Rings: The Return of the King
67%
Film2014Justice League: War
67%
Film2000Icebreaker
67%
Film1999Kimberly
67%
Film1998Bulworth
67%
Film1996Courage Under Fire
67%
Film1998Boy Meets Girl
67%
Web Series2017Stranger Things
67%
Film1991Toy Soldiers
67%
TV Show2009-2012Special Agent Oso
67%
Web Series2019No Good Nick
67%
Film1989The War of the Roses
67%
TV Show2019The Big Bang Theory
67%
Film1990Memphis Belle
67%
Film1993Rudy
67%
Film1992Encino Man
67%
TV Show2012-2017Teenage Mutant Ninja Turtles
33%
Film2014The Surface
33%
Film2014The Hero of Color City
33%
Film2014Ribbit
33%
TV Film2012Adopting Terror
33%
TV Show2012Alphas
33%
Documentary2014Video Games: The Movie
33%
Video Game2012Lego The Lord of the Rings
33%
Film2014Cabin Fever: Patient Zero
33%
TV Show2012Hollywood Treasure
33%
Film2014Boys of Abu Ghraib
33%
Film2015Justice League: Throne of Atlantis
33%
TV Show2012Franklin & Bash
33%
TV Mini-Series2012Dorothy and the Witches of Oz
33%
TV Film2013Santa Switch
33%
Film2013The Freemason
33%
TV Show2014The Strain
33%
TV Show2016The Loud House
33%
Film2015Do You Believe?
33%
TV Show2016-PresentBunnicula
33%
TV Show2019Supergirl
33%
TV Show2019Brooklyn Nine-Nine
33%
Web Series2018-PresentThe Epic Tales of Captain Underpants
33%
Film2018Gloria Bell
33%
Film2017The Lears
33%
Film2017Espionage Tonight
33%
Film2017Dead Ant
33%
Film2017Bad Kids of Crestview Academy
33%
TV Show2016-PresentJustice League Action
33%
Film2015Woodlawn
33%
Video Game2016Minecraft: Story Mode
33%
TV Show2016The Librarians
33%
Film2012Amazing Love: The Story of Hosea
33%
Film2016Unleashed
33%
Film2016Range 15
33%
Film2016The Do-Over
33%
TV Show2015, 2017Penn Zero: Part-Time Hero
33%
Video Game2015Lego Dimensions
33%
Film2015Checkmate
33%
TV Show2012NCIS
33%
Film2008Forever Strong
33%
Film2012Boobathon
33%
Film1999Deterrence
33%
Video Game2004Men of Valor
33%
Film2004Elvis Has Left the Building
33%
Film2004Balto III: Wings of Change
33%
TV Show2003-2004Jeremiah
33%
TV Show2003Angel
33%
Video Game2002Kingdom Hearts
33%
Film2000The Sky Is Falling
33%
Film2000The Last Producer
33%
Film2000Dish Dogs
33%
Film1997Wag the Dog
33%
TV Film2011Love's Christmas Journey
33%
TV Film1995Harrison Bergeron
33%
Film1995The Low Life
33%
Film1994Safe Passage
33%
Film1992Where the Day Takes You
33%
Film1990The Willies
33%
Film1989Staying Together
33%
Film1987White Water Summer
33%
Film1987Like Father Like Son
33%
TV Film1985The O'Briens
33%
Film2005Smile
33%
Film2005Bigger Than the Sky
33%
Film2005Slipstream
33%
TV Show2007Monk
33%
Film2011Demoted
33%
Video Game2010The Lord of the Rings: Aragorn's Quest
33%
Film2009Stay Cool
33%
TV Show2008Law & Order
33%
TV Mini-Series2008Terry Pratchett's The Colour of Magic
33%
Film2008Spirit of the Forest
33%
TV Film1982The Rules of Marriage
33%
TV Show2007My Name Is Earl
33%
TV Show2007Masters of Science Fiction
33%
Film2007The Final Season
33%
Film2007What Love Is
33%
Film2007Borderland
33%
Video Game2006The Lord of the Rings: The Battle for Middle-earth II: The Rise of the Witch-king
33%
TV Show200624
33%
Film2006Asterix and the Vikings
33%
Documentary Series2005-2007Meerkat Manor
33%
TV Mini-Series2005Into the West
33%
TV Mini-Series2005Hercules
33%
Film2005Thanks to Gravity
33%
FilmTBAAdverse
33%
Film2005Marilyn Hotchkiss' Ballroom Dancing and Charm School
0%
Theater2018Bang Bang!
0%

Score Distribution

Percentile by Number Answered

Percent of People with Each Score

Your Score History

You have not taken this quiz since the last reset